Central Library OPAC University of Rajshahi

Elements of partial differential equations / (Record no. 6535)

MARC details
000 -LEADER
fixed length control field 00737nam a22002411 4500
001 - CONTROL NUMBER
control field 6535
003 - CONTROL NUMBER IDENTIFIER
rucl marc code BD-RjUL
005 - DATE AND TIME OF LATEST TRANSACTION
control field 20211208234248.0
008 - FIXED-LENGTH DATA ELEMENTS--GENERAL INFORMATION
fixed length control field 110114s1957 nyua 000 0 eng
035 ## - SYSTEM CONTROL NUMBER
System control number (BD-RjUL)6576
040 ## - CATALOGING SOURCE
Original cataloging agency DLC/ICU
Transcribing agency ICU
Modifying agency DLC
-- BD-RjUL
Language of cataloging eng
041 ## - LANGUAGE CODE
Language code of text/sound track or separate title eng
082 00 - DEWEY DECIMAL CLASSIFICATION NUMBER
Classification number 517.38
Edition number 18
Author mark and year SNE 1957
100 1# - MAIN ENTRY--PERSONAL NAME
Personal name Sneddon, Ian Naismith.
9 (RLIN) 20450
245 10 - TITLE STATEMENT
Title Elements of partial differential equations /
Statement of responsibility, etc. Ian Naismith Sneddon.
260 ## - PUBLICATION, DISTRIBUTION, ETC. (IMPRINT)
Place of publication, distribution, etc. New York,
Name of publisher, distributor, etc. McGraw-Hill,
Date of publication, distribution, etc. 1957.
300 ## - PHYSICAL DESCRIPTION
Pagination 327 p. ;
Illustrations illus. :
Size 24 cm.
650 #0 - SUBJECT ADDED ENTRY--TOPICAL TERM
Topical term or geographic name as entry element Differential equations, Partial.
9 (RLIN) 19714
942 ## - ADDED ENTRY ELEMENTS (KOHA)
Source of classification or shelving scheme Dewey Decimal Classification
Koha item type Books
Holdings
Lost status Source of classification or shelving scheme Damaged status Not for loan Permanent Location Current Location Shelving location Date acquired Source of acquisition Cost, normal purchase price Total Checkouts Full call number Date last seen Copy number Koha item type Collection code
  Dewey Decimal Classification   Not For Loan Central Library, University of Rajshahi Central Library, University of Rajshahi   31/03/1967 Book view 57.00   517.38 SNE 1957 11/01/2014 C-2 Books  
  Dewey Decimal Classification     Central Library, University of Rajshahi Central Library, University of Rajshahi   14/08/1994 Aligor lib. 6.95   517.38 SNE 1957 12/01/2014 C-4 Books Non-fiction
  Dewey Decimal Classification     Central Library, University of Rajshahi Central Library, University of Rajshahi   14/08/1994 Aligor lib. 6.95   517.38 SNE 1957 29/08/2016 C-3 Books Non-fiction